000 00663nac a22002171ca4500
001 a987690841
008 181114s2017 gw |||| 000u rus d
020 _a9785990947566
_9978-5-9909475-6-6
041 _arus
245 0 0 _aNezrimyj front Otečestva :
_b1917-2017 ; [jubilejnyj sbornik]
264 _aSankt-Peterburg :
_bLiki Rossii ; Fond razvitija konfliktologii,
_c2017
300 _a2 Bände
610 0 _aSowjetunion. Komitet Gosudarstvennoj Bezopasnosti
650 0 _aGeheimdienst
700 1 _aRac, S.V.
_eHerausgeberIn
700 1 _aMiljutenko, N.I.
_eHerausgeberIn
942 _cMG
040 _cRU-10907106
003 RU-10907106
999 _c52310
_d52310